000 00981nam a2200289 a 4500
001 41984
003 BD-RjUL
005 20211209053458.0
008 160608s1985 nyua b 001 0 eng
020 _a0816012830
035 _a(BD-RjUL)42102
040 _aDLC
_cDLC
_dm/c
_dMYG
_dBD-RjUL
_beng
041 _aeng
082 _223
_a327.174
_bMOW 1985
099 _aU264.M65 1985
100 1 _aMolander, Roger C.
_9129067
245 1 0 _aWho will stop the bomb? :
_ba primer on nuclear proliferation /
_cRoger Molander and Robbie Nichols, Roosevelt Center for American Policy Studies.
260 _aNew York, NY :
_bFacts on File,
_cc1985.
300 _ax, 150 p. :
_bill. ;
_c24 cm.
500 _aIncludes index.
504 _aBibliography: p. 137-138.
650 0 _aNuclear weapons.
_9129068
650 0 _aArms race
_xHistory
_y20th century.
_9129069
700 1 _aNichols, Robbie.
_9129070
710 2 _aRoosevelt Center for American Policy Studies.
_9129071
942 _2ddc
_cBK
999 _c41984
_d41984